1397 1793 1229 1757 1509 1925 1956 1703 1294 1020 1472 1031 1329 1417 1394 1777 1227 1139 1595 1437 1710 1709 1603 1027 1835 1847 1006 1744 1836 1020 1268 1021 1367 1952 1056 1066 1750 1432 1186 1249 1507 1328 1975 1850 1233 1039 1667 1998 1223 1997 1338 1046 1838 1441 1939 1045 1786 1960 1446 1570 1679 1181 1672 1379 1127 1174 1438 1553 1699 1299 1683 1082 1718 1228 1851 1843 1408 1875 1202 1974 1630 1795 1368 1343 1341 1705 1986 1493 1830 1867 1521 1210 1734 1008 1339 1266 1129 1037 1409 BCNSPRNW ULIB Ver.6.0+V

เปลี่ยนเป็นภาษาไทย

Change to English
 แสดงรายละเอียดบรรณานุกรม
  กลับหน้าหลัก

Brief Record : Get Marc (ISO 2709) : E-mail record : QR code < ปิดหน้าต่าง
LEADER : 00000nam 2200000uu 4500
001    13399120822
003     ULIB
008    020711s2552 th a 000 0 tha d
020    9789743573552
090    นว.^bส174ค
100    Stephenie Meyer
245    Eclipse /^cStephenie Meyer
250    พิมพ์ครั้งที่ 8
260    กรุงเทพฯ :^bปราชญ์เปรียว,^c2552
300    580 หน้า
945    ^p365^l0^i16312
999    ^aทศพร เกษรทอง
รายการนี้ยังไม่มีแท็ก
คุณยังไม่ได้ล็อกอิน คุณสามารถมีกิจกรรมร่วมกับเว็บไซต์ได้ แต่ต้องล็อกอินก่อน ::
  ล็อกอิน

รายการสื่อสารสนเทศ

ลำดับที่ ประเภท เลขเรียก/บาร์โค้ด สถานที่ สถานะ
1. นวนิยาย
นวนิยาย
นว. ส174ค ฉ.1 
  Barcode: 16312
ห้องสมุดวิทยาเขตสวรรค์ประชารักษ์
►นวนิยาย
บนชั้น
  ขอยืม

BibComment


ยังไม่เคยถูกคอมเมนท์

คอมเมนท์ทรัพยากรรายการนี้
  คอมเมนท์: Eclipse Stepheni..


 Copyright 2026. Bcnsprnw @Library